| 000 | 00522nam a2200181Ia 4500 | ||
|---|---|---|---|
| 008 | 220531s9999 xx 000 0 und d | ||
| 041 | _amar | ||
| 082 | _bKOT | ||
| 100 |
_aधायगुडे मा.गो. _931479 |
||
| 245 | _aव्यापारी अंकगणित व संख्यास्त्र | ||
| 250 | _a1ST | ||
| 260 |
_bSuvichar _c1992 |
||
| 300 | _a370 | ||
| 542 | _d01-01-2010 | ||
| 650 |
_aMathematics _931480 |
||
| 906 |
_d2009-2010 _d2014-2015 _f2412 |
||
| 999 |
_c19710 _d19710 |
||